000 01196nam a2200205Ia 4500
999 _c38001
_d38001
001 3985
003 GE_BSU
005 20190909164641.0
008 181216s1982||||ge |||||||||||||| ||geo||
040 _cGE_BSU
041 _ageo
080 _a327.7(035) ს–15
245 _aსაერთაშორისო ორგანიზაციები (ცნობარი) :
_bეძღვნება სსრკ შექმნის მე-60 წლისთავს /
_cმთ. რედ. ლ. ალექსიძე ; საქ. სსრ მეცნ. აკად. საზ. მეცნ. დარგში სამეცნ. ინფორმ. სექტორი.
264 _aთბ. :
_bმეცნიერება,
_c1982.
300 _a170 გვ.;
_b21 სმ.
653 _aსაერთაშორისო ორგანიზაციები - ცნობარები
700 _aალექსიძე, ლ.
_eრედაქტორი
_93938
710 _aსაქ. სსრ მეცნ. აკად. საზ. მეცნ. დარგში სამეცნ. ინფორმ. სექტორი
_93939
942 _cBK
_2udc